000 00690nam a2200289Ia 4500
005 20260324141807.0
008 008 260324s9999 xx 000 0 eng d
020 _a9780203392621
037 _aEBOOK
040 _aCRL
040 _beng
040 _cCRL
041 _2eng
041 _aeng
084 _qCRL
100 _aRon Davie; Graham Upton; Ved Varma
_91209535
245 4 _aThe Voice Of The Child
245 2 _bA Handbook For Professionals
260 _bTaylor and Francis
260 _c1996
365 _a
365 _b240
856 _uhttp://www.taylorfrancis.com/books/9780203392621
942 _cEBOOK
999 _c1812994
_d1812994